| 000 | 00855nam a2200265 a 4500 | ||
|---|---|---|---|
| 001 | 55976 | ||
| 003 | BD-RjUL | ||
| 005 | 20211209080334.0 | ||
| 008 | 161124s1949 enka b 001 0 eng | ||
| 020 | _a0198533632 (pbk.) | ||
| 035 | _a(BD-RjUL)56100 | ||
| 040 |
_aDLC _cDLC _dBD-RjUL _beng |
||
| 041 | _aeng | ||
| 082 | 0 | 0 |
_a516.35 _223 _bSEI 1949 |
| 100 | 1 |
_aSemple, J. G. _q(John Greenlees), _d1904- _9166623 |
|
| 245 | 1 | 0 |
_aIntroduction to algebraic geometry / _cby J.G. Semple and L. Roth. |
| 260 |
_aNew York : _bOxford University Press, _c1949 |
||
| 300 |
_axvii, 454 p. : _bill. ; _c22 cm. |
||
| 500 | _aIncludes index. | ||
| 650 | 0 |
_aGeometry, Algebraic. _9166624 |
|
| 700 | 1 |
_aRoth, L. _9152217 |
|
| 856 | 4 | 2 |
_3Publisher description _uhttp://www.loc.gov/catdir/enhancements/fy0638/86150955-d.html |
| 942 |
_2ddc _cBK |
||
| 999 |
_c55976 _d55976 |
||